000 00312nam a2200121Ia 4500
008 190216s9999||||xx |||||||||||||| ||und||
100 _aGardiner E S
245 0 _aNine Twentieth Century Essayists
260 _bGeorg G Harrap& Co
_c1961
300 _a234p
650 _aEnglish Literature-Biography
942 _cBK
999 _c11958
_d11958